000 00451nam a2200181Ia 4500
001 24500
005 20260414151047.0
008 260414t2012||||xx |||||||||||||| ||spa||
041 _aESP
082 _a345.71
_bM96
100 _aMuñoz Sabaté, Lluís
_eAUT
245 0 _aTécnica procesal :
_b25 años de estudios forenses
260 _c2012
300 _a596 páginas :
_c24 cm.
650 _aDER
654 _aCDE
942 _cLIB
_dJUS
_fJUS
_2ddc
_n
999 _c24500
_d24500